West Wing Cast - Statistics

General Stats
  • This quiz has been taken 318 times
  • The average score is 11 of 15
Answer Stats
Hint Answer % Correct
Bradley Whitford Josh Lyman
94%
Rob Lowe Sam Seaborn
93%
John Spencer Leo McGarry
91%
Allison Janney C. J. Cregg
89%
Janel Moloney Donna Moss
88%
Martin Sheen Josiah Bartlet
86%
Richard Schiff Toby Ziegler
86%
Stockard Channing Abigail Bartlet
80%
Dule Hill Charlie Young
80%
Joshua Malina Will Bailey
70%
Jimmy Smits Matt Santos
69%
Alan Alda Arnold Vinick
57%
Mary McCormack Kate Harper
39%
Moria Kelly Mandy Hampton
29%
Kristin Chenoweth Annabeth Schott
25%
No matching quizzes found
Score Distribution
Percent of People with Each Score
Percentile by Number Answered
Your Score History
You have not taken this quiz